Ad: Zemková szerint Biró nem tudja, mit beszél, Új Szó, 02.17.

Bibliographic Details
Main Author: Biró, Ágnes, 1957- (Author)
Format: Article
Language:Hungarian
ISSN:1335-7050
Subjects:

MARC

LEADER 00000nab a2200000 ar4500
001 vtls009491198
003 SK-MaSNL
005 20260318123550.0
008 090408c20090220xo |||||||| 000 b|hun
015 |a SNBRB2009/03  |2 snkbucl 
038 |a SNKBUCL 
040 |a DSZK  |b slo  |c DSZK  |e AACR2 
041 0 |a hun 
044 |a xo  |c SK 
080 |a 654.195.6  |x (=511.141)  |x (437.6)  |2 2001 
100 1 |a Biró, Ágnes,  |d 1957-  |4 aut  |9 108893 
245 1 0 |a Ad: Zemková szerint Biró nem tudja, mit beszél, Új Szó, 02.17.  |c Biró Ágnes 
610 2 7 |a Slovenský rozhlas.  |b Rádio Patria  |2 snkbucl  |9 235104 
650 0 7 |a rozhlasové vysielanie  |2 SNKPH  |9 19400 
655 7 |a reflexie  |2 snkbucl  |9 304336 
773 0 |t Új szó  |g Évf. 62, sz. 42 (20.2.2009), o. 8  |x 1335-7050 
852 |a SNK  |b KIS3GCP 
852 |a DSZK  |b KIS3GCP 
958 |a HU 
958 |a SK 
999 |c 2644183  |d 2646113